La unidad del hombre / (Record no. 107201)

MARC details
000 -LEADER
campo de control de longitud fija 00698nam a2200217 4500
001 - NÚMERO DE CONTROL
campo de control 107201
003 - IDENTIFICADOR DE NÚMERO DE CONTROL
campo de control ES-MaACL
007 - CAMPO FIJO DE DESCRIPCIÓN FÍSICA--INFORMACIÓN GENERAL
campo de control de longitud fija t|
008 - DATOS DE LONGITUD FIJA--INFORMACIÓN GENERAL
campo de control de longitud fija 061121s1983 sp r ||||1| spa d
100 1# - ENTRADA PRINCIPAL--NOMBRE DE PERSONA
Nombre de persona Morin, Edgar.
9 (RLIN) 83564
245 13 - MENCIÓN DEL TÍTULO
Título La unidad del hombre /
Mención de responsabilidad, etc. Edgar Morin, Massimo Piatelli-Palmarini; traducción de Francisco Monge.
250 ## - MENCION DE EDICION
Mención de edición 1ª.ed.
260 ## - PUBLICACIÓN, DISTRIBUCIÓN, ETC.
Lugar de publicación, distribución, etc. Barcelona :
Nombre del editor, distribuidor, etc. Argos Vergara,
Fecha de publicación, distribución, etc. 1983.
300 ## - DESCRIPCIÓN FÍSICA
Extensión 237 p. :
Otras características físicas il. ;
Dimensiones 22cm.
490 1# - MENCIÓN DE SERIE
Mención de serie Colección En línea verada
700 1# - ENTRADA AGREGADA--NOMBRE PERSONAL
Nombre de persona Piatelli-Palmarini, Massimo.
9 (RLIN) 91749
700 1# - ENTRADA AGREGADA--NOMBRE PERSONAL
Nombre de persona Monge, Francisco.
9 (RLIN) 82187
830 0# - PUNTO DE ACCESO ADICIONAL DE SERIE-TÍTULO UNIFORME
Título uniforme Colección En línea verada
9 (RLIN) 185361
852 ## - LOCALIZACIÓN
Ubicación ES-MaACL
Número de control de estantería L-5146
Sublocalización o colección R.105102
Holdings
Estatus retirado Estado de pérdida Estado de daño No para préstamo Biblioteca de origen Biblioteca actual Ubicación en estantería Fecha de adquisición Fuente de adquisición Total de préstamos Signatura topográfica completa Código de barras Visto por última vez Precio de reemplazo Tipo de ítem Koha
        Biblioteca del Ateneo de Madrid Biblioteca del Ateneo de Madrid Depósito 2 17/01/2008     L-5146 1111889 23/02/2023 23/02/2023 Libro impreso